Tilastot visalle Sanat: "Satulinna" - Jari Sillanpää

Klikkaa tästä pelataksesi tätä visaa!

Yleistilastot

  • Tätä visaa on pelattu 113 kertaa
  • Keskiarvotulos 105 / 131

Vastaustilastot

Sanat% Oikein
99%
satulinna
96%
sen
95%
kokonaan
93%
kaukomaan
92%
kuuluis
92%
92%
meille
91%
antaisin
88%
Sinulle
88%
että
87%
ja
87%
Jos
87%
mun
87%
Sano
85%
aarteeni
84%
kaipaat
84%
olla
84%
otat
84%
tahdot
84%
taistelin
84%
Jonka
83%
vuoksi
83%
kärsin
81%
Silloin
81%
kuin
80%
olen
80%
sydämen
80%
ainoa
79%
sun
79%
yhä
77%
ennenkin
76%
yksin
75%
luokse
73%
on
73%
se
73%
tie
73%
takaisin
72%
vain
72%
Niin
71%
kaksi
67%
meitä
67%
kohtalon
65%
tiedät
65%
johti
64%
Jotka
64%
uskot
63%
kerran
61%
Kun
61%
iltaa
56%
vie
56%
meidät
55%
näin
55%
myös
53%
tuota
53%
kohtaamaan
52%
sydäntäin
52%
vasten
52%
yhteen
51%
painoit
49%
rintasi
47%
vielä
35%

Tulosjakauma

Persentiili vastausten määrän mukaan

Jokaisen tuloksen saaneiden osuus

Tuloshistoriasi

Et ole pelannut tätä visaa